برمجة الانترنت باستخدام xHTML / (Record no. 87089)
[ view plain ]
| 000 -LEADER | |
|---|---|
| fixed length control field | 01046nam a2200265 a 4500 |
| 003 - CONTROL NUMBER IDENTIFIER | |
| control field | EG-GiCUC |
| 008 - FIXED-LENGTH DATA ELEMENTS--GENERAL INFORMATION | |
| fixed length control field | 061010s2002 ua a g 000 0 ara d |
| 017 ## - COPYRIGHT OR LEGAL DEPOSIT NUMBER | |
| Copyright or legal deposit number | 2002 / 11030 |
| Assigning agency | مصر. دار الكتب. |
| 020 ## - INTERNATIONAL STANDARD BOOK NUMBER | |
| International Standard Book Number | 9775735742 |
| 040 ## - CATALOGING SOURCE | |
| Original cataloging agency | EG-GiCUC |
| Language of cataloging | ara |
| Transcribing agency | EG-GiCUC |
| 092 04 - LOCALLY ASSIGNED DEWEY CALL NUMBER (OCLC) | |
| Classification number | 004.678 |
| Item number | A862 |
| Edition number | 21 |
| 099 ## - LOCAL FREE-TEXT CALL NUMBER (OCLC) | |
| Classification number | 04 |
| -- | 004.678 A862 |
| 100 1# - MAIN ENTRY--PERSONAL NAME | |
| Personal name | ابو العطا: مجدى محمد. |
| 245 10 - TITLE STATEMENT | |
| Title | برمجة الانترنت باستخدام xHTML / |
| Statement of responsibility, etc. | مجدى محمد ابو العطا |
| 250 ## - EDITION STATEMENT | |
| Edition statement | ط. 1. |
| 260 ## - PUBLICATION, DISTRIBUTION, ETC. | |
| Place of publication, distribution, etc. | القاهرة : |
| Name of publisher, distributor, etc. | كمبيوساينس : |
| Date of publication, distribution, etc. | 2002 |
| 300 ## - PHYSICAL DESCRIPTION | |
| Extent | 338 ص. : |
| Other physical details | إيض. ؛ |
| Dimensions | 24سم+ |
| Accompanying material | 1قرص ضوئى مليزر كمبيوتر ({u٠٠آإ}3 بو) |
| 490 1# - SERIES STATEMENT | |
| Series statement | سلسلة تيسير علوم الحاسب. |
| -- | مجموعة كتب البرمجة ؛ |
| Volume/sequential designation | 81 |
| 650 #4 - SUBJECT ADDED ENTRY--TOPICAL TERM | |
| Topical term or geographic name entry element | الانترنت. |
| 650 #4 - SUBJECT ADDED ENTRY--TOPICAL TERM | |
| Topical term or geographic name entry element | الانترنت |
| General subdivision | برامج. |
| 830 #0 - SERIES ADDED ENTRY--UNIFORM TITLE | |
| Uniform title | سلسلة تيسير علوم الحاسب . مجموعة كتب البرمجة ؛ |
| Volume/sequential designation | 81 |
| 902 ## - LOCAL DATA ELEMENT B, LDB (RLIN) | |
| No. of Items | 2 |
| 905 ## - LOCAL DATA ELEMENT E, LDE (RLIN) | |
| Cataloger | جيهان |
| Reviser | مدخل |
| 942 ## - ADDED ENTRY ELEMENTS (KOHA) | |
| Source of classification or shelving scheme | Dewey Decimal Classification |
| Koha item type | Books |
| Source of classification or shelving scheme | Not for loan | Home library | Current library | Date acquired | Full call number | Barcode | Date last seen | Copy number | Koha item type |
|---|---|---|---|---|---|---|---|---|---|
| Dewey Decimal Classification | المكتبة المركزبة الجديدة - جامعة القاهرة | قاعة الكتب - الدور الثاني | 11.02.2024 | 004.678 A862 c.1 C.D. | 01020100111961000 | 22.09.2023 | C.1 | CD - Rom | |
| Dewey Decimal Classification | المكتبة المركزبة الجديدة - جامعة القاهرة | قاعة الكتب - الدور الثاني | 11.02.2024 | 004.678 A862 c.2 C.D. | 01020100111962000 | 22.09.2023 | C.1 | CD - Rom | |
| Dewey Decimal Classification | المكتبة المركزبة الجديدة - جامعة القاهرة | قاعة الكتب - الدور الثاني | 11.02.2024 | 004.678 A862 | 01000100111961000 | 22.09.2023 | C.1 | Books | |
| Dewey Decimal Classification | المكتبة المركزبة الجديدة - جامعة القاهرة | قاعة الكتب - الدور الثاني | 11.02.2024 | 004.678 A862 | 01000100111962000 | 22.09.2023 | C.2 | Books |